Bucólicas - Geórgicas Eneida / (Record no. 39305)
[ view plain ]
| 000 -CABECERA | |
|---|---|
| campo de control de longitud fija | 00554nam a2200169 a 4500 |
| 001 - NÚMERO DE CONTROL | |
| campo de control | 000039815 |
| 005 - FECHA Y HORA DE LA ÚLTIMA TRANSACCIÓN | |
| campo de control | 20201002033742.0 |
| 008 - DATOS DE LONGITUD FIJA--INFORMACIÓN GENERAL | |
| campo de control de longitud fija | 130723s1973 sp a 000 0 spa d |
| 040 ## - FUENTE DE LA CATALOGACIÓN | |
| Centro catalogador/agencia de origen | DO-SdBNP |
| Lengua de catalogación | spa |
| Centro/agencia transcriptor | BNPHU |
| 082 ## - NÚMERO DE LA CLASIFICACIÓN DECIMAL DEWEY | |
| Número de clasificación | xxx |
| 100 1# - ENTRADA PRINCIPAL--NOMBRE DE PERSONA | |
| Nombre de persona | Virgilio |
| 9 (RLIN) | 52866 |
| 245 10 - MENCIÓN DE TÍTULO | |
| Título | Bucólicas - Geórgicas Eneida / |
| Mención de responsabilidad, etc. | Virgilio ; traducción Eugenio de Ochoa ; prólogo Rafael Pérez Delgado. |
| 260 ## - PUBLICACIÓN, DISTRIBUCIÓN, ETC. | |
| Lugar de publicación, distribución, etc. | Madrid : |
| Nombre del editor, distribuidor, etc. | Giner, |
| Fecha de publicación, distribución, etc. | 1973. |
| 300 ## - DESCRIPCIÓN FÍSICA | |
| Extensión | 376 p. : |
| Otras características físicas | il. ; |
| Dimensiones | 22 cm. |
| 700 1# - PUNTO DE ACCESO ADICIONAL--NOMBRE DE PERSONA | |
| Nombre de persona | Ochoa, Eugenio de, |
| Término indicativo de función/relación | tr. |
| 9 (RLIN) | 27716 |
| 700 1# - PUNTO DE ACCESO ADICIONAL--NOMBRE DE PERSONA | |
| Nombre de persona | Pérez Delgado, Rafael, |
| Término indicativo de función/relación | pról. |
| 9 (RLIN) | 13830 |
| Estado de retiro | Estado de pérdida | Restricciones de uso | No para préstamo | Código de colección | Localización permanente | Ubicación/localización actual | Ubicación en estantería | Fecha de adquisición | Número de inventario | Total de préstamos | Signatura topográfica completa | Código de barras | Fecha visto por última vez | Precio válido a partir de | Tipo de ítem Koha |
|---|---|---|---|---|---|---|---|---|---|---|---|---|---|---|---|
| Excluido de préstamo | Monografías: Libros y Folletos | General | General | En catalogación | 23.07.2013 | LF1 | xxx | 39815-10 | 25.06.2020 | 25.06.2020 | No se presta |
